Statistics for Generation 8 Pokémon (Galar Region)

Click here to take the quiz!

General Stats

  • This quiz has been taken 67 times
  • The average score is 76 of 96

Answer Stats

NumberTypeAnswer% Correct
#0815FireCinderace
100%
#0823Flying/SteelCorviknight
100%
#0810GrassGrookey
100%
#0818WaterInteleon
100%
#0814FireRaboot
100%
#0812GrassRillaboom
100%
#0813FireScorbunny
100%
#0816WaterSobble
100%
#0811GrassThwackey
100%
#0822FlyingCorvisquire
94%
#0821FlyingRookidee
94%
#0842Grass/DragonAppletun
91%
#0817WaterDrizzile
91%
#0840Grass/DragonApplin
88%
#0885Dragon/GhostDreepy
88%
#0820NormalGreedent
88%
#0872Ice/BugSnom
88%
#0892Fighting/DarkUrshifu
88%
#0835ElectricYamper
88%
#0888FairyZacian
88%
#0889FightingZamazenta
88%
#0836ElectricBoltund
85%
#0839Rock/FireCoalossal
85%
#0887Dragon/GhostDragapult
85%
#0834Water/RockDrednaw
85%
#0841Grass/DragonFlapple
85%
#0873Ice/BugFrosmoth
85%
#0837RockRolycoly
85%
#0848Electric/PoisonToxel
85%
#0849Electric/PoisonToxtricity
85%
#0851Fire/BugCentiskorch
82%
#0882Water/DragonDracovish
82%
#0890Poison/DragonEternatus
82%
#0858Psychic/FairyHatterene
82%
#0866Ice/PsychicMr. Rime
82%
#0826Bug/PsychicOrbeetle
82%
#0819NormalSkwovet
82%
#0828DarkThievul
82%
#0883Water/IceArctovish
79%
#0833WaterChewtle
79%
#0830GrassEldegoss
79%
#0861Dark/FairyGrimmsnarl
79%
#0859Dark/FairyImpidimp
79%
#0876Psychic/NormalIndeedee
79%
#0895DragonRegidrago
79%
#0844GroundSandaconda
79%
#0903Fighting/PoisonSneasler
79%
#0897GhostSpectrier
79%
#0901Ground/NormalUrsaluna
79%
#0831NormalWooloo
79%
#0902Water/GhostBasculegion
76%
#0845Flying/WaterCramorant
76%
#0905Fairy/FlyingEnamorus
76%
#0896IceGlastrier
76%
#0891FightingKubfu
76%
#0877Electric/DarkMorpeko
76%
#0894ElectricRegieleki
76%
#0850Fire/BugSizzlipede
76%
#0893Dark/GrassZarude
76%
#0881Electric/IceArctozolt
74%
#0898Psychic/GrassCalyrex
74%
#0838Rock/FireCarkol
74%
#0879SteelCopperajah
74%
#0864GhostCursola
74%
#0880Electric/DragonDracozolt
74%
#0884Steel/DragonDuraludon
74%
#0857PsychicHattrem
74%
#0860Dark/FairyMorgrem
74%
#0862Dark/NormalObstagoon
74%
#0867Ground/GhostRunerigus
74%
#0825Bug/PsychicDottler
71%
#0886Dragon/GhostDrakloak
71%
#0832NormalDubwool
71%
#0870FightingFalinks
71%
#0853FightingGrapploct
71%
#0856PsychicHatenna
71%
#0900Bug/RockKleavor
71%
#0868FairyMilcery
71%
#0904Dark/PoisonOverqwil
71%
#0865FightingSirfetch'd
71%
#0899Normal/PsychicWyrdeer
71%
#0869FairyAlcremie
68%
#0847WaterBarraskewda
68%
#0824BugBlipbug
68%
#0878SteelCufant
68%
#0829GrassGossifleur
68%
#0827DarkNickit
68%
#0843GroundSilicobra
68%
#0854GhostSinistea
68%
#0874RockStonjourner
68%
#0846WaterArrokuda
65%
#0875IceEiscue
65%
#0855GhostPolteageist
65%
#0863SteelPerrserker
62%
#0871ElectricPincurchin
56%
#0852FightingClobbopus
53%

Score Distribution

Percentile by Number Answered

Percent of People with Each Score

Your Score History

You have not taken this quiz